Autorretrato de memoria
Gespeichert in:
| 1. Verfasser: | |
|---|---|
| Format: | Buch |
| Sprache: | Spanisch |
| Veröffentlicht: |
Santiago
Universidad Diego Portales
2005
|
| Ausgabe: | 1a. ed |
| Schriftenreihe: | Colección Poesía
|
| Schlagworte: | |
| Tags: |
Tag hinzufügen
Keine Tags, Fügen Sie den ersten Tag hinzu!
|
MARC
| LEADER | 00000nam a2200000 a 4500 | ||
|---|---|---|---|
| 001 | UCJ2401 | ||
| 003 | CL-VaPUC | ||
| 008 | 061214e20050000CL |||||||||||||||||spa|d | ||
| 020 | |a 9567397716 | ||
| 082 | 0 | 4 | |a Ch861 |b MIL |2 21 |
| 100 | |a Millán, Gonzalo |e autor |9 458974 | ||
| 245 | 1 | 0 | |a Autorretrato de memoria |
| 250 | |a 1a. ed | ||
| 300 | |a 44 p | ||
| 942 | |c BK | ||
| 945 | |d 20061214 00:00:00 |a jtorresc | ||
| 260 | |a Santiago |b Universidad Diego Portales |c 2005 | ||
| 650 | 0 | |a Poesías chilenas |9 265280 | |
| 583 | |a last modification |c 20061214 00:00:00 |k Rodrigo Vera | ||
| 490 | 0 | |a Colección Poesía | |
| 999 | |c 318702 |d 318700 | ||
| 952 | |0 0 |1 0 |4 0 |6 CH_861_000000000000000_MIL_2005 |7 0 |8 A |9 396717 |a BIBART |b BIBART |d 2019-11-22 |i 4306406 |l 2 |m 1 |o Ch861 MIL 2005 |p 4306406 |r 2025-03-13 |s 2024-11-13 |w 2019-11-22 |y BK |k ART | ||